000 00525nam a2200169 a 4500
001 000010811
005 20200929162308.0
008 091012s1984 dr r 001 0 spa d
040 _aDO-SdBNP
_bspa
_cBNPHU
082 _axxxx
_bB465r
100 1 _aBenería, Lourdes
_926121
245 1 0 _aReproducción, producción y división sexual del trabajo /
_cLourdes Benería.
260 _aSanto Domingo :
_bTaller,
_c1984.
300 _a57 p. ;
_c20 cm.
500 _aIncluye notas al pie de páginas
504 _aBibliografía 51-55
999 _c10560
_d10560